000 03441cam a22012494i 4500
003 PE-LiUPU
005 20250813185434.0
008 191025s2016 ag a rb 000 0 spa d
020 _a9875384607
020 _a9789875384606
035 _a(Sirsi) a252634
040 _aPE-LiUPU
_bspa
_cPE-LiUPU
_erda
049 _aPRUA
082 0 4 _a379
_bO52
_223
100 1 _aOnetto, Fernando Luis,
_eautor.
245 1 0 _aRol directivo y gestión del cambio :
_bpoder y liderazgo en la micropolítica institucional /
_cFernando Luis Onetto.
250 _a1a edición.
264 1 _aBuenos Aires :
_bCentro de publicaciones educativas y material didáctico,
_c2016.
300 _a160 páginas :
_bilustraciones ;
_c24 centímetros.
336 _atext
_2rdacontent
337 _aunmediated
_2rdamedia
338 _avolume
_2rdacarrier
490 0 _aGestión
504 _aBibliografía: páginas 157-160.
505 0 _aLa política interna en la vida cotidiana de la escuela -- Políticas educativas y política interna. Buscando la estabilidad -- La innovación como política educativa. Dilemas para el director de escuela -- Los estilos de intervención -- Una política con ideas -- La gestión escolar y las nomas -- La construcción del poder -- La intervención de la institucional -- Gestión de las innovaciones educativas -- Epílogo. La libertad, impotencia de la política.
526 _aP202
526 _aP201
526 _aP163
526 _aP162
526 _aP161
526 _aP160
526 _aP148
526 _aP147
526 _aP146
526 _aP145
526 _aP144
526 _aP143
526 _aP142
526 _aP141
526 _aP140
526 _aP139
526 _aP138
526 _aP137
526 _aP136
526 _aP135
526 _aP134
526 _aP133
526 _aP129
526 _aP128
526 _aP127
526 _aP120
526 _aP119
526 _aP118
526 _aP116
526 _aP115
526 _aP114
526 _aP110
526 _aP109
526 _aP108
526 _aP104
526 _aP103
526 _aP102
526 _aP99
526 _aP98
526 _aP97
526 _aP96
526 _aP95
526 _aP93
526 _aP90
526 _aP89
526 _aP88
526 _aP83
526 _aP82
526 _aP62
526 _aP59
526 _aP58
526 _aP57
526 _aP51
526 _aP49
526 _aP48
526 _aP47
526 _aP29
526 _aP24
526 _aP20
526 _aP19
526 _aP17
526 _aP15
526 _aP14
526 _aP12
526 _aP10
526 _aP09
526 _aP08
526 _aP07
526 _aP06
526 _aP05
526 _aP04
526 _aP01
541 _g002-00001663;
650 0 4 _aGestión educacional.
650 0 4 _aPlanificación directiva.
650 0 7 _aEducación
_xEnseñanza.
910 _adbm
_bksl
_cksl
_d20191025
942 _2ddc
_cBOOK
994 _aC0
_bPEPRU
596 _a1
999 _a379 O52
_wDEWEY
_c31866
_i80864
_f2021-11-8
_g3
_lCCODEBUL1
_mBUL
_p21.43
_r0
_sY
_tBOOK
_u2019-10-25
_xEDUCACION
_PP57
_0COMPRA
_1FCOMPR4
_o.STAFF. Colección Ciencias Humanas y Educación
_d31866
980 _81
_gALBERTO SANCHEZ Responsable de Automatización